Ставлення до смертної кари як складова професійної свідомості працівників (Запис № 570765)

МАРК-запис
000 -Лідер
fixed length control field 03183nam a22002537a 4500
003 - Ідентифікатор контрольного номера
control field UA-OsUOA
005 - Дата та час останнього входження (трансакції)
control field 20210608113537.0
008 - Елементи даних фіксованої довжини – загальна інформація
fixed length control field 210608b un ||||| m||| 00| 0 ukr d
040 ## - Джерело каталогізації
Агенція оригінальної каталогізації UA-OsUOA
Мова каталогізації ukr
Агенція, яка здійснювала перезапис UA-OsUOA
Агенція, яка здійснювала модифікацію UA-OsUOA
041 ## - Код мови
Код мови тексту/ звукової доріжки чи окремого заголовка (П) ukr
080 ## - Індекс Універсальної десяткової класифікації
Індекс Універсальної десяткової класифікації (УДК) (НП) 159.27:343.915:343.7
090 ## - Локальний шифр розміщення
Класифікаційний індекс УДК 159.27:343.915:343.7
095 ## - Код спеціальності для авторефератів
Код спеціальності 19.00.06
Назва спеціальності юридична психологія
100 ## - Основне введення – ім’я особи
Ім’я особи (НП) Верховська Н. А.
245 ## - Відомості про назву
Назва (НП) Ставлення до смертної кари як складова професійної свідомості працівників
Дані про відповідальність (НП) Верховська Неллі Анатоліївна ; наук. керівник Казміренко Людмила Іванівна
260 ## - Публікація, розповсюдження і т.п. (Вихідні дані)
Місце публікації, розповсюдження і т.п. (П) Київ
Ім’я/ наймення видавництва, розповсюджувача і т.п. (П) 2009
300 ## - Фізичний опис
Обсяг 18 с.
502 ## - Примітка про дисертацію
Зв'язок Автореферат дисертації на здобуття наукового ступеня кандидата психологічних наук<br/>
Рік отримання вченого ступеня 2009
Наймення інституції, що представляється Академія управління Міністерства внутрішніх справ
520 ## - Резюме і т.п.
Резюме, реферат, анотація, тощо (НП) Дисертація є першим в Україні комплексним дослідженням, присвяченим психологічному впливу ставлення до правового інституту смертної кари (СК) на свідомість правників, психологічним детермінантам, що зумовлюють його, а також розробці науково обґрунтованих психолого-юридичних заходів, спрямованих на конструктивне спрямування зазначеного впливу.<br/>Визначено психолого-юридичний зміст та сутність поняття “правовий інститут СК”, “орієнтири професійної свідомості” та надано характеристику психолого-правового статусу потерпілого від злочину.<br/>Висвітлено напрями, зміст й особливості правового та юридико- психологічного формування професійної свідомості правників, встановлено та охарактеризовано чинники, що впливають на упереджене ставлення до правового інституту СК й винесено та обґрунтовано науковий підхід до вирішення цієї проблеми.<br/>Розроблено психопрофілактичну програму для підвищення ефективності формування професійної свідомості правників, де ставлення до СК виступає фактором впливу на емпатійне відношення правника до жертви злочину.
650 ## - Додаткове предметне введення – тематичний термін
Тематичний термін чи географічна назва, як елемент введення (НП) 159 Психологія
Джерело заголовка чи терміна UDC
942 ## - Додаткові елементи входу (Коха)
Source of classification or shelving scheme Universal Decimal Classification
Тип елемента Koha Автореферат
955 ## - Код типу видання за змістом
Код типу видання за змістом (НП) Наукові видання

Немає доступних примірників.